Temas contemporǹeos de derecho de familia

Detalles Bibliográficos
Formato: eBook
Lenguaje:español
Publicado: Ciudad de la Habana: Unin̤ Nacional de Juristas de Cuba, 2017
Materias:
Acceso en línea:Acceso restringido

MARC

LEADER 00000nam a22000007a 4500
005 20180104165625.0
007 cr|||| ||||
008 180104s2017 cu |||||s|||| 00||0 spa d
020 |a 978-959-7219-39-2 
035 |a 20726 
040 |a vLex 
090 |c 7357  |d 7357 
245 0 0 |a Temas contemporǹeos de derecho de familia  |h [Recurso electrn̤ico] 
256 |a Servicio en ln̕ea 
260 |a Ciudad de la Habana:  |b Unin̤ Nacional de Juristas de Cuba,  |c 2017 
300 |a 1 recurso electrn̤ico (415p.) 
506 1 |a Disponible solo en los productos indicados  |d vLex Global  |d vLex Global (Academic Edition, excluding Law Schools)  |d vLex Global (U.S. Academic Edition, Law Schools)  |d vLex Global (U.S. Academic Edition, excluding Law Schools)  |d vLex Global (Academic Edition, Law Schools) 
650 0 4 |a Familia y Sucesiones  |z Cuba 
740 0 |a vLex Libros (Servicio en ln̕ea) 
856 4 0 |u http://vlex.com/source/temas-contemporaneos-derecho-familia-20726  |z Acceso restringido 
942 |c BOOK 
999 0 |a Family and successions